Представление документа в формате RUSMARC

ПолеНазваниеЗначение
  Тип записи a
  Библиографический уровень m
001 Контрольный номер RU/SLIB/B/208751013
005 Дата корректировки 20201206204131.6
010 Индекс ISBN __
d Цена 0-65
101 Язык документа __
a Язык текста rus
c Язык оригинала rus
200 Заглавие и сведения об ответственности 1_
a Заглавие Эдуард Францевич Направник
f Первые сведения об ответственности Михеева Л. В.
b Общее обозначение материала Текст
210 Выходные данные __
a Место издания М.
c Издательство Музыка
d Дата издания 1985
215 Физическое описание __
a Объем 152 с.
600 Персоналии __
a Персоналии (Фамилия) Направник, Э. Ф.
c Дополнение к имени композитор
f Даты 1839-1916
g Полное имя Эдуард Францевич
606 Тематические рубрики __
a Основная рубрика Музыка и зрелищные искусства
y Географическая подрубрика Россия
y Географическая подрубрика Чехия
606 Тематические рубрики __
a Основная рубрика История музыки
z Хронологическая подрубрика 19 в.
z Хронологическая подрубрика 20 в.
610 Ключевые слова __
a Ключевые слова музыкальное творчество; биографии; персоналии; композиторы
686 Индексы других классификаций __
a Классификационный индекс 85.313(2)53-8
686 Индексы других классификаций __
a Классификационный индекс 85.313(4Чех)53-8
700 Автор __
a Фамилия Михеева
b Имя Л. В.
4 Код отношения 070
801 Источник записи _0
a Страна RU
b Организация Муниципальное бюджетное учреждение культуры "Централизованная библиотечная система" г. Сургут (Центральная городская библиотека им. А. С. Пушкина)
g Правила каталогизации КиК/Уланова
801 Источник записи _1
a Страна RU
b Организация Муниципальное бюджетное учреждение культуры "Централизованная библиотечная система" г. Сургут (Центральная городская библиотека им. А. С. Пушкина)
g Правила каталогизации КиК/Уланова
852 Данные о местонахождении __
j Шифр хранения 85.313(2)53-8
c Каталожный индекс 85.313(2)-8
i Авторский знак М 69
p Инвентарный номер 23142
901 Тип документа __
t Тип документа m
990 Данные о заказе (DOS) __
j Количество экземпляров (DOS) 2